Ballon D'Or 2025 genomineerden - Statistieken

Algemene statistieken
  • Deze quiz is 35 keer genomen
  • De gemiddelde score is 16 van 30
Antwoordstatistieken
Antwoord % Correct
Lamine Yamal
94%
Kylian Mbappe
83%
Ousmane Dembele
83%
Erling Haaland
78%
Robert Lewandowski
72%
Raphinha
67%
Vinicius Junior
67%
Virgirl van Dijk
67%
Vitinha
67%
Denzel Dumfries
61%
Mohamed Salah
61%
Pedri
61%
Harry Kane
56%
Jude Bellingham
56%
Lautaro Martinez
56%
Achraf Hakimi
50%
Gianluigi Donnarumma
50%
Desire Doue
44%
Florian Wirtz
44%
Khvicha Kvaratskhelia
44%
Michael Olise
39%
Cole Palmer
33%
Joao Neves
33%
Nuno Mendes
33%
Declan Rice
28%
Fabian Ruiz
28%
Serhou Guirassy
28%
Viktor Gyokeres
28%
Alexis Mac Allister
22%
Scott McTominay
22%
Geen overeenkomende quizzen gevonden
Scoreverdeling
Procent van Mensen met Elke Score
Percentiel versus Aantal Correcte Antwoorden
Uw Scoregeschiedenis
U heeft deze quiz nog niet genomen